[Event "Online Face to Face U14 II"]
[Site "www.grandesmaestros.club"]
[Date "2020.07.05"]
[Round "4.5"]
[White "Luna Monsalve, Sofia"]
[Black "Varela Sanchez, Santiago David"]
[Result "1-0"]
[WhiteElo "1158"]
[BlackElo "1143"]
[PlyCount "47"]
[EventDate "2020.07.05"]
[EventType "tourn (rapid)"]
[EventRounds "5"]
[EventCountry "COL"]
[SourceTitle "EXT 2024"]
[Source "ChessBase"]
[SourceDate "2023.10.10"]
[SourceVersion "1"]
[SourceVersionDate "2023.10.10"]
[SourceQuality "1"]

1. d4 d5 2. Bf4 Nc6 3. Nf3 Nf6 4. e3 Bg4 5. h3 Bxf3 6. Qxf3 e6 7. Bb5 a6 8. Bxc6+ bxc6 9. Nd2 Bb4 10. c3 Bd6 11. Bxd6 cxd6 12. e4 dxe4 13. Nxe4 Nxe4 14. Qxe4 d5 15. Qf3 f6 16. Qg3 g5 17. h4 gxh4 18. Rxh4 Qe7 19. Rg4 Qf8 20. 0-0-0 Qf7 21. Re1 f5 22. Rg7 Qf8 23. Rxe6+ Kd8 24. Qc7# 1-0

[Event "Barranquilla Region-ch"]
[Site "Barranquilla"]
[Date "2020.01.04"]
[Round "1"]
[White "Penuela, Jorge"]
[Black "Varela Sanchez, Santiago David"]
[Result "1-0"]
[WhiteElo "1681"]
[BlackElo "1215"]
[PlyCount "48"]
[EventDate "2020.01.04"]
[EventType "swiss"]
[EventRounds "6"]
[EventCountry "COL"]
[SourceTitle "CBM 194 Extra"]
[Source "ChessBase"]
[SourceDate "2020.03.31"]
[SourceVersion "1"]
[SourceVersionDate "2020.03.31"]
[SourceQuality "1"]

1. c4 d5 2. cxd5 Qxd5 3. Nc3 Qd8 4. d4 Nc6 5. Nf3 Bg4 6. e3 Bxf3 7. Qxf3 e6 8. Bb5 a6 9. Bxc6+ bxc6 10. Qxc6+ Qd7 11. Qxa8+ Qd8 12. Qxa6 Qd6 13. Qa4+ c6 14. Bd2 f6 15. Rc1 e5 16. 0-0 exd4 17. exd4 Qxd4 18. Qxc6+ Kf7 19. Be3 Qb4 20. Rfd1 Bc5 21. Bxc5 Qf4 22. Qd7+ Ne7 23. Qxe7+ Kg6 24. Be3 Qb8 1-0